| 000 | 00458nam a22001217a 4500 | ||
|---|---|---|---|
| 999 |
_c10069 _d10069 |
||
| 003 | OSt | ||
| 008 | 201218b ||||| |||| 00| 0 eng d | ||
| 245 | _aNational Journal of Technology | ||
| 250 | _a2015(Sep Vol.11 No.3, Dec Vol.11 No.4) 2016(Mar Vol.12 No.1, Jun Vol.12 No.2, Sep Vol.12 No.3, Dec Vol.12 No.4) | ||
| 260 |
_aCoimbatore, Tamil Nadu _bPSG College of Technology and Polytechnic College |
||
| 650 | _aComputer Science Engineering | ||
| 942 |
_2ddc _cBV |
||